| 000 | 00401nam a2200157Ia 4500 | ||
|---|---|---|---|
| 008 | 200103s9999||||xx |||||||||||||| ||und|| | ||
| 020 | _a9780713676846, | ||
| 040 | _aIMU-MPC | ||
| 082 | _aColumn-4 | ||
| 100 | _aKraal, Emund George R | ||
| 245 | 0 | _aReed's advanced electrotechnology for engineers, vol. 7 | |
| 250 | _aVol.7 | ||
| 260 |
_bAdlard Coles Nautical _c2010 |
||
| 300 | _a669 | ||
| 942 | _cBK | ||
| 999 |
_c3140 _d3140 |
||